000 00978nam a22001937a 4500
999 _c61881
_d61881
003 Ge_BSU
005 20240603105803.0
008 240603s1991 ge ||||| |||| 00| 0 geo d
041 _ageo
080 _a615.89 მ-97
245 _aმცენარეებით მკურნალობა საოჯახო პირობებში /
_cშემდგ.: შალვა ხიდაშელი, გიორგი ძებისაშვილი, ია წითლიძე.
264 _aთბილისი,
_c1991.
300 _a66 გვ. :
_b ილ. ;
_c16 სმ.
653 _aხალხური მედიცინა
700 _aხიდაშელი, შალვა
_eშემდგენელი.
_922283
700 _aძებისაშვილი, გიორგი
_eშემდგენელი.
_922284
700 _aწითლიძე, ია
_eშემდგენელი
_922285
942 _2udc
_cᲬᲘᲒᲜᲘ